00687aam a2200229 i 4500001001400000003000400014005001700018008004100035015001400076020003800090040004300128082001700171100002800188245004400216264005700260300002300317336002100340337002500361338002300386650003000409650001800439vtls000736219PNM20221218153640.0160506s2013 my e 000 f may  aM14-04349 a9789671208441qpaperbackcRM00.00 aSINLBbengcSINLBdBNMdPNMdPPAKerda04a899.23332230 aAmeera Elisha,eauthor.10aBISAKAH AKU KAU CINTAI /cAmeera Elisha 1aKajang, Selangor :bKarystos Creative Sdn Bhd,c2013 a466 pages ;c19 cm atext2rdacontent aunmediated2rdamedia avolume2rdacarrier10aMalaysian fiction (Malay)20aMalay fiction